[Event "GER-chT School WK 3"]
[Site "Playchess.com INT"]
[Date "2020.06.15"]
[Round "5.3"]
[White "Baier, Sebastian"]
[Black "Muho, Joel"]
[Result "1-0"]
[WhiteElo "1428"]
[BlackElo "1484"]
[PlyCount "77"]
[EventDate "2020.06.15"]
[EventType "team-swiss (blitz)"]
[EventRounds "5"]
[EventCountry "GER"]
[SourceTitle "EXT 2021"]
[Source "ChessBase"]
[SourceDate "2020.10.23"]
[SourceVersion "1"]
[SourceVersionDate "2020.10.23"]
[SourceQuality "1"]
[WhiteTeam "Kitzingen Knaben Gymn"]
[BlackTeam "St Blasien Kolleg"]
[WhiteTeamCountry "GER"]
[BlackTeamCountry "GER"]

1. d4 g6 2. Bf4 e6 3. e4 d6 4. Nc3 Nf6 5. Bd3 Bg7 6. Nf3 0-0 7. Bg5 h6 8. Bh4 b6 9. e5 dxe5 10. dxe5 g5 11. exf6 Qxf6 12. Bg3 Qd8 13. 0-0 Nc6 14. Bb5 Qe8 15. Bxc6 Qxc6 16. Qe2 f6 17. Nb5 a6 18. Nxc7 Ra7 19. Rfd1 h5 20. Nxe6 Bxe6 21. h3 h4 22. Bh2 Bc4 23. Qe3 Re8 24. Qc3 Raa8 25. b3 Bb5 26. Qxc6 Bxc6 27. Rd6 Rac8 28. Rad1 Bf8 29. R6d4 Bc5 30. R4d2 Re7 31. Nd4 Bb7 32. Nf3 Rce8 33. Kf1 a5 34. a4 Ba6+ 35. Kg1 Re2 36. Rxe2 Rxe2 37. Rd8+ Kg7 38. Rd7+ Kg6 39. Rd1 1-0